Diseño arquitectónico de un hotel de montaña en el área protegida, paisaje natural Miraflor , Estelí

Se realizó un estudio de la zona, a fin de identificar la ubicación de los principales atractivos y establecer cuál sería su interrelación con el hotel de montaña; de esta manera se definieron las actividades o excursiones que podrían realizarse como valor añadido al de hospedaje y alimentac...

Full description

Bibliographic Details
Main Authors: Esquivel Chavarría, Carol Dayana, Núñez Solís, Janice del Socorro
Other Authors: Tutor: Rosales Rivera, Benjamin
Format: Tesis Section = Libro
Language:Undetermined
Spanish
Published: Managua UNI 2005
Subjects:
LEADER 01238nam a2200265Ia 4500
008 240830s9999 xx 000 0 und d
040 |a BIBLIOTECA-RUSB/ Mon 728.5 E77 
041 |a spa 
082 |a Mon 728.5 E77 
100 1 |a Esquivel Chavarría, Carol Dayana 
100 1 |b Núñez Solís, Janice del Socorro 
245 1 0 |a Diseño arquitectónico de un hotel de montaña en el área protegida, paisaje natural Miraflor , Estelí 
260 |a Managua  |b UNI  |c 2005 
300 |a 138 p. :il. 
500 |a Contiene: anexos. 
502 |a Tesis (Arquitecto) - UNI, 2005. 
520 3 |a Se realizó un estudio de la zona, a fin de identificar la ubicación de los principales atractivos y establecer cuál sería su interrelación con el hotel de montaña; de esta manera se definieron las actividades o excursiones que podrían realizarse como valor añadido al de hospedaje y alimentación brindadas por el hotel. 
650 7 |a HOTELES DISEÑO - ARQUITECTONICO 
650 7 |b  MODELOS ANÁLOGOS - HOTEL DE MONTAÑA 
650 7 |c  TIPOLOGIA ARQUITECTÓNICA - CENTROS TURISTICOS 
650 7 |d  RESERVA NATURAL MIRAFLOR 
700 1 |a Tutor:  |b Rosales Rivera, Benjamin 
942 |c BK  |2 ddc 
991 |a TESIS 
999 |c 21499